000
00265nam a2200121Ia 4500
008
190216s9999||||xx |||||||||||||| ||und||
100
_a
Pottakadu S K
245
0
_a
Pulliman
260
_b
Poorna Pubs Kozhikode
300
_a
158
650
_a
Kathakal
942
_c
BK
999
_c
26900
_d
26900